000 01041nam a2200301Ia 4500
001 Para_9367
003 CHAP
008 220125s2007 xx 000 0 und d
010 _a208064
040 _cCHAP
090 _aTESIS 2109
100 _aCervantes García, Marco Antonio
_921565
245 _aControl químico de maleza en el cultivo de cacahuate (Arachis hypogaea) en Popotlán, Temoac, Estado de Morelos /
_c por Marco Antonio Cervantes García
260 _aChapingo, Méx. :
_b el autor
300 _a47 h.
502 _aTesis (Ing. Agr. Esp. en Parasitología Agrícola). UACh. Departamento Parasitología Agrícola
650 _aCacahuate
_x malas hierbas
_x control
_916886
650 _aHerbicidas
_953691
650 _aMalas hierbas
_x control
_970011
710 _aUACh. Departamento Parasitología Agrícola
_9164025
901 _aTESIS 2109
902 _aM
905 _a0000002007 n 0000000000 00
910 _a2007
942 _cPARA
942 _cPARA
_d2
999 _c208064
_d208064